Paradise lost book I & II (Record no. 4188)

MARC details
000 -LEADER
fixed length control field 00559cam a2200217ua 4500
001 - CONTROL NUMBER
control field 5008
005 - DATE AND TIME OF LATEST TRANSACTION
control field 20260515113825.0
008 - FIXED-LENGTH DATA ELEMENTS--GENERAL INFORMATION
fixed length control field 120301n ii |||gr||||Z||||||eng
020 ## - INTERNATIONAL STANDARD BOOK NUMBER
International Standard Book Number 81-250-1850-6
040 ## - CATALOGING SOURCE
Transcribing agency MAIN
082 ## - DEWEY DECIMAL CLASSIFICATION NUMBER
Classification number 821
100 ## - MAIN ENTRY--PERSONAL NAME
Personal name Milton, John,
Relator term Author,
245 11 - TITLE STATEMENT
Title Paradise lost book I & II
Statement of responsibility, etc. by John Milton
250 ## - EDITION STATEMENT
Edition statement 1st.
260 ## - PUBLICATION, DISTRIBUTION, ETC.
Place of publication, distribution, etc. Hyderabad:
Name of publisher, distributor, etc. Orient longman limited,
Date of publication, distribution, etc. 2000.
300 ## - PHYSICAL DESCRIPTION
Extent 123p:
Dimensions 23cm.
653 ## - INDEX TERM--UNCONTROLLED
Uncontrolled term English poetry
700 ## - ADDED ENTRY--PERSONAL NAME
Personal name Nabar, Vrinda,
Relator term Editor,
700 ## - ADDED ENTRY--PERSONAL NAME
Personal name Ezekiel, Nissim,
Relator term Editor,
942 ## - ADDED ENTRY ELEMENTS (KOHA)
Koha item type Books
Holdings
Withdrawn status Lost status Damaged status Not for loan Home library Current library Shelving location Date acquired Total checkouts Full call number Barcode Date last seen Copy number Price effective from Koha item type Date last checked out
        Naharkatiya College Library Naharkatiya College Library General stacks 09/19/2020   821 | MIL 4711 09/19/2020 2 09/19/2020 Books  
        Naharkatiya College Library Naharkatiya College Library General stacks 09/19/2020 1 821 | MIL 4712 02/22/2024 1 09/19/2020 Books 02/22/2024